Responses for show #6801 - Monday, March 24, 2014

Contestants

Derek Arnold, a system developer from Akron, Ohio

Nancy Akerman, a science policy fellow from Arlington, Virginia

Joe Morse, a Coast Guard helicopter mechanic originally from Minneapolis, Minnesota (whose 1-day cash winnings total $24,400)

Jeopardy! Round responses

CAMPING
MAPS
TENSE
GRAIL MIX
FOREST KNOWLEDGE
INSECT, REPELLENT
    $200 13
Swiss Army

Joe
    $200 18
cartography

Derek
    $200 23
restless

Nancy
    $200 10
the Last Supper

Derek
    $200 6
Platoon

Joe
    $200 1
eggs

Joe
    $400 14
raisins & peanuts

Joe
    $400 19
[Alex reads "1:" as "one inch equals".]

a scale

Nancy
    $400 24
baited

Derek
    $400 12
(Nancy: Who is Mary?)
(Alex: Yes. Oh, be more specific. Which one?)
(Nancy: The Virgin Mary.)
(Alex: No.)

Mary Magdalene

JoeNancy
    $400 7
The Last King of Scotland

Derek
    $400 2
locusts

Joe
    $600 15
a sleeping bag

Joe
    $1,600 20
a river (or any body of water)

Nancy
    $600 25
tenterhooks

Nancy
    $600 28
Tennyson

Nancy
    $600 8
The Butler

Derek
    $600 3
ant

Joe
    $800 16
Off

Nancy
    $800 21
coordinates

Derek
    $800 26
jitters

Joe
    $800 29
Galahad

Nancy
    $800 9
(Nancy: What is Fast Times at [*]?)

Ridgemont High

Nancy
    $800 4
a wasp

Derek
    $1000 17
Coleman

Derek
    $1000 22
MapQuest

Joe
    $1000 27
taut

Derek
    $1000 30
Chalice

Nancy
    $1000 11
Hope Floats

Triple Stumper
    $1000 5
cockroach

Joe

Scores at the first commercial break (after clue 15):

Joe Nancy Derek
$4,000 $400 $2,000

Scores at the end of the Jeopardy! Round:

Joe Nancy Derek
$5,800 $6,400 $5,400

Double Jeopardy! Round responses

AMERICAN ART & ARTISTS
CHEESY NAMES
RECENT NONFICTION
THE CHUCK WAGON
CITY SEALS
DOUBLE "Z"
    $400 11
Kansas

Derek
    $400 6
Wisconsin

Derek
    $400 26
Gabby Giffords

Nancy
    $400 21
Chuck Yeager

Derek
    $400 13
Michigan

Nancy
    $400 1
gas guzzler

Derek
    $800 12
Andy Warhol

Joe
    $800 7
butter

Nancy
    $800 27
Hispaniola (Haiti accepted)

Derek
    $800 22
Chuck Norris

Joe
    $800 14
the Alamo

Joe
    $800 2
frizzy

Nancy
    $1200 18
glass

Nancy
    $1200 8
Gouda

Nancy
    $2,000 28
(Derek: Who are the Mormons?)

the Church of Scientology

Derek
    $1200 23
Chuck Barris

Derek
    $1200 15
(Nancy: What is love?)

charity

Nancy
Triple Stumper
    $1200 3
dazzling

Derek
    $1600 19
the buffalo nickel

Derek
    $1600 9
Roquefort

Nancy
    $1600 29
Oak Ridge

Nancy
    $1600 24
Chuck Lidell

Joe
    $7,000 16
(Joe: What is a... St. Bernard?)

a bear

Joe
    $1600 4
buzz bombs

Joe
    $2000 20
LeRoy Neiman

Triple Stumper
    $2000 10
(Derek: Bella terre?)
(Alex: No.)
Derek: I'm sorry. What is--)
(Alex: Joe.)
(Joe: What is bella terre?)
(Alex: No. Got caught there, didn't you, Joe?)
(Joe: I did.)

bel paese

JoeDerek
Triple Stumper
    $2000 30
Joel Osteen

Joe
    $2000 25
Chuck Taylor

Joe
    $2000 17
Norfolk

Derek
    $2000 5
huzzah

Derek

Scores at the end of the Double Jeopardy! Round:

Joe Nancy Derek
$6,400 $13,200 $11,800

[wagering suggestions for these scores]

Final Jeopardy! Round responses

HISTORICAL NICKNAMES
JoeWhat is ?
$6,400
DerekWhat is Hardy?
$11,800
NancyWhat is Stonewall?
$10,401
Curly

Final scores:

Joe Nancy Derek
$0 $2,799 $0
3rd place: $1,000 New champion: $2,799 2nd place: $2,000

Game dynamics:

Coryat scores:

Joe Nancy Derek
$13,400 $12,200 $13,800
18 R,
2 W
(including 1 DD)
17 R
(including 1 DD),
2 W
19 R,
2 W
(including 1 DD)

Combined Coryat: $39,400

The J! Archive is created by fans, for fans. The Jeopardy! game show and all elements thereof, including but not limited to copyright and trademark thereto, are the property of Jeopardy Productions, Inc. and are protected under law. This website is not affiliated with, sponsored by, or operated by Jeopardy Productions, Inc. Join the discussion at JBoard.tv.